000 03432cam a22004218i 4500
999 _c129799
_d129799
001 20021763
003 ARRUPE
005 20190904143031.0
008 170921s2017 nyu b 001 0 eng
010 _a 2017035384
020 _a9781107190207 (hardback)
020 _a9781316640333 (paperback)
040 _aDLC
_beng
_erda
_cDLC
042 _apcc
043 _af-rh---
050 0 0 _aKTZ170
_b.K37 2017
082 0 0 _a347.6891
_223
084 _aHIS001000
_2bisacsh
100 1 _aKarekwaivanane, George Hamandishe,
_d1980-,
_eauthor.
_948046
245 1 4 _aThe struggle over state power in Zimbabwe :
_blaw and politics since 1950 /
_cGeorge Hamandishe Karekwaivanane.
260 _aCambridge
_bCambridge |University Press
_c2017
263 _a1711
300 _axiv, 272p. ;
_c23cm.
490 0 _aAfrican studies ;
_v139
504 _aIncludes bibliographical references and index.
505 8 _aMachine generated contents note: List of figures; List of tables; Acknowledgements; List of abbreviations; Introduction; 1. Laying down the law: a historical background, 1890-1950; 2. Customising justice and constructing subjects: state, 'customary law' and Chiefs' Courts, 1950-1980; 3. Legislating against dissent: law, race and politics, 1950-1964; 4. Legality without legitimacy: law and politics during UDI, 1965-1980; 5. Intermediaries, intellectuals and translators: African lawyers and the struggles in the legal arena, 1950-1980; 6. Law and transformation: remaking the legal system in postcolonial Zimbabwe, 1980-1990; 7. Continuity and consolidation: law and politics in Zimbabwe, 1980-1990; 8. 'The past as prologue': law and politics in Zimbabwe, 1997-2008; Conclusion; Bibliography.
520 _a"The establishment of legal institutions was a key part of the process of state construction in Africa, and these institutions have played a crucial role in the projection of state authority across space. This is especially the case in colonial and postcolonial Zimbabwe. George Karekwaivanane offers a unique long-term study of law and politics in Zimbabwe, which examines how the law was used in the constitution and contestation of state power across the late-colonial and postcolonial periods. Through this, he offers insight on recent debates about judicial independence, adherence to human rights, and the observation of the rule of law in contemporary Zimbabwean politics. The book sheds light on the prominent place that law has assumed in Zimbabwe's recent political struggles for those researching the history of the state and power in Southern Africa. It also carries forward important debates on the role of law in state-making, and will also appeal to those interested in African legal history"--
650 0 _aPolitical questions and judicial power
_zZimbabwe
_xHistory.
_948047
650 0 _aJustice, Administration of
_zZimbabwe
_xHistory.
_948048
650 0 _aPolitical culture
_zZimbabwe.
_948049
650 7 _aHISTORY / Africa / General.
_2bisacsh
_948050
651 0 _aZimbabwe
_xPolitics and government.
_948051
906 _a7
_bcbc
_corignew
_d1
_eecip
_f20
_gy-gencatlg
942 _2lcc
_cMONOGRAPH